000 01085cam a2200289 i 4500
001 bg
003 BPK
005 20220712143010.0
008 000114s1981 pl a f f |000 0 pol
015 _aPB 1981/7881
040 _aWA N
_cBPK
041 0 _apol
080 _a330
080 _a(075.8)
245 0 0 _aEkonomia polityczna socjalizmu /
_cpod kier. nauk. Mieczysława Nasiłowskiego ; [poszczeg. rozdz. napisali Krzysztof Leowski [et al.].
250 _aWyd. 6 zm. i uzup.
260 _aWarszawa :
_b"Książka i Wiedza",
_c1981.
300 _a493, [11] s. :
_bil., tab., wykr. ;
_c25 cm.
546 _aSpis treści również ang., ros.
655 4 _aPodręczniki akademickie
650 4 _aEkonomia polityczna socjalizmu
710 2 _aSpółdzielnia Wydawniczo-Handlowa "Książka i Wiedza"
_4pbl.
700 1 _aNasiłowski, Mieczysław
_d(1929-2004)
_eOpracowanie
700 1 _aLeowski, Krzysztof
_eAutor
856 _uhttp://koha.tu.koszalin.pl/cgi-bin/koha/opac-detail.pl?biblionumber=2464
_yKatalog online BPK
942 _2UKD
_cKS
999 _c2464
_d2464